Antonio Gala : (Registro nro. 5364)
[ vista simple ]
| 000 -CABECERA | |
|---|---|
| campo de control de longitud fija | 00928nam a2200253 a 4500 |
| 001 - NÚMERO DE CONTROL | |
| campo de control | 000005565 |
| 005 - FECHA Y HORA DE LA ÚLTIMA TRANSACCIÓN | |
| campo de control | 20200929151720.0 |
| 008 - DATOS DE LONGITUD FIJA--INFORMACIÓN GENERAL | |
| campo de control de longitud fija | 090820s1994 sp ac 001 0 spa d |
| 020 ## - NÚMERO INTERNACIONAL ESTÁNDAR DEL LIBRO | |
| Número Internacional Estándar del Libro | 8400073967 |
| 040 ## - FUENTE DE LA CATALOGACIÓN | |
| Centro catalogador/agencia de origen | DO-SdBNP |
| 082 ## - NÚMERO DE LA CLASIFICACIÓN DECIMAL DEWEY | |
| Número de clasificación | 862.64 |
| Número de documento/Ítem | G146I |
| 049 ## - FONDOS LOCALES (OCLC) | |
| Fondos de biblioteca | BNPD |
| 100 1# - ENTRADA PRINCIPAL--NOMBRE DE PERSONA | |
| Nombre de persona | Martínez Moreno, Isabel |
| 9 (RLIN) | 15722 |
| 245 10 - MENCIÓN DE TÍTULO | |
| Título | Antonio Gala : |
| Resto del título | el paraíso perdido / |
| Mención de responsabilidad, etc. | Isabel Martínez Moreno ; prólogo Ma.del Pilar Palomo. |
| 260 ## - PUBLICACIÓN, DISTRIBUCIÓN, ETC. | |
| Lugar de publicación, distribución, etc. | Madrid, : |
| Nombre del editor, distribuidor, etc. | Consejo Superior de Investigaciones Científicas, |
| Fecha de publicación, distribución, etc. | 1994. |
| 300 ## - DESCRIPCIÓN FÍSICA | |
| Extensión | 663 p. : |
| Otras características físicas | il., retrs. ; |
| Dimensiones | 24 cm. |
| 490 1# - MENCIÓN DE SERIE | |
| Mención de serie | Biblioteca de teatro |
| 500 ## - NOTA GENERAL | |
| Nota general | Incluye tabla de contenido |
| 500 ## - NOTA GENERAL | |
| Nota general | Incluye referencias bibliográficas ( 636-663 p.) |
| 600 14 - PUNTO DE ACCESO ADICIONAL DE MATERIA--NOMBRE DE PERSONA | |
| Nombre de persona | GALA, ANTONIO, |
| Fechas asociadas al nombre | 1936- |
| Subdivisión de forma | BIOGRAFÍAS |
| 9 (RLIN) | 15723 |
| 600 14 - PUNTO DE ACCESO ADICIONAL DE MATERIA--NOMBRE DE PERSONA | |
| Nombre de persona | GALA, ANTONIO, |
| Subencabezamiento de forma | TEATRO |
| Subdivisión general | CRÍTICA E INTERPRETACIÓN |
| 9 (RLIN) | 15724 |
| 700 1# - PUNTO DE ACCESO ADICIONAL--NOMBRE DE PERSONA | |
| Nombre de persona | Palomo, Maria del Pilar |
| Término indicativo de función/relación | pról. |
| 9 (RLIN) | 15725 |
| 830 #0 - PUNTO DE ACCESO ADICIONAL DE SERIE-TÍTULO UNIFORME | |
| Título uniforme | Biblioteca de teatro |
| 9 (RLIN) | 15726 |
| Estado de retiro | Estado de pérdida | Restricciones de uso | No para préstamo | Código de colección | Localización permanente | Ubicación/localización actual | Ubicación en estantería | Fecha de adquisición | Número de inventario | Total de préstamos | Signatura topográfica completa | Código de barras | Fecha visto por última vez | Precio válido a partir de | Tipo de ítem Koha |
|---|---|---|---|---|---|---|---|---|---|---|---|---|---|---|---|
| Excluido de préstamo | Monografías: Libros y Folletos | General | General | En catalogación | 20.08.2009 | LF1 | 862.64 G146I | 5565-10 | 25.06.2020 | 25.06.2020 | No se presta |
